00346nam a2200121Ia 4500003000400000008004100004040001600045082001700061245009000078260004000168300001100208490000500219GCL140319s9999 xx 000 0 ara d aGCL / cGCL04a133.9bا ت10aتحضير الارواح: الاتصال بالموتى او تجسد الارواح a[S.N] : bجروس برس ، c1991 a167 ص a